Biggest Cities in Mississippi A-Z - Statistics

General Stats
  • This quiz has been taken 27 times
  • The average score is 10 of 24
Answer Stats
Letter Population Answer % Correct
J 149,761 Jackson
100%
B 49,241 Biloxi
91%
G 72,105 Gulfport
91%
T 37,667 Tupelo
83%
H 47,068 Hattiesburg
70%
M 34,424 Meridian
70%
S 55,429 Southaven
65%
O 40,276 Olive Branch
52%
V 20,904 Vicksburg
52%
Y 10,163 Yazoo City
48%
N 13,824 Natchez
43%
I 9,342 Indianola
39%
P 27,258 Pearl
35%
Q 1,964 Quitman
30%
A 6,513 Amory
22%
C 27,451 Clinton
22%
D 13,236 D'Iberville
22%
L 17,106 Laurel
22%
R 24,058 Ridgeland
22%
F 10,373 Flowood
17%
K 7,022 Kosciusko
17%
U 1,972 Union
17%
W 9,983 West Point
9%
E 4,510 Ellisville
4%
No matching quizzes found
Score Distribution
Percent of People with Each Score
Percentile by Number Answered
Your Score History
You have not taken this quiz